00360nam a2200133Ia 4500008004100000020001600041040001200057082001400069100004700083245001600130250001200146260005500158300001300213200103s9999||||xx |||||||||||||| ||und|| a8120307704, aIMU-MPC aColumn-60 aStoner, James A. F. and Freeman, R. Edward 0aManagement  a5th ed. bPrentice-Hall of India PVT. Ltd., New Delhic1995 axxv, 734